| 000 | 00644cam a22002293a 4500 | ||
|---|---|---|---|
| 001 | 7513 | ||
| 003 | PGUSA | ||
| 005 | 20140828083145.0 | ||
| 008 | 050201s2005||||xxu|||||s|||||000 1 eng d | ||
| 040 |
_aPGUSA _beng |
||
| 042 | _adc | ||
| 050 | 4 | _aPT | |
| 100 | 1 |
_aAndersen, H. C. _q(Hans Christian), _d1805-1875 |
|
| 245 | 1 | 0 |
_aO. T., A Danish Romance _h[electronic resource] / _cH. C. Andersen |
| 260 |
_bProject Gutenberg, _c2005 |
||
| 506 | _aPublic domain in the USA. | ||
| 516 | _aElectronic text | ||
| 653 | _aDenmark -- Fiction | ||
| 830 | 0 |
_aProject Gutenberg _v7513 |
|
| 856 | 4 | 0 | _uhttp://www.gutenberg.org/ebooks/7513 |
| 942 | _cEB | ||
| 999 |
_c236833 _d236833 |
||